[Event "City of Adelaide"]
[Site "Adelaide"]
[Date "1998.08.12"]
[Round "4.7"]
[White "Tanti, Joseph G"]
[Black "Koodrin, Zina"]
[Result "1-0"]
[WhiteElo "1750"]
[BlackElo "1008"]
[Annotator "Fritz 5.00 - Anderson-Smith,W"]
[PlyCount "63"]
[EventDate "1998.07.22"]
[EventType "swiss"]
[EventRounds "9"]
[EventCountry "AUS"]

1. e4 c5 2. Nf3 d6 3. d4 cxd4 4. Nxd4 e5 {Sicilian Defence, Lowenthal Variation
} 5. Nb5 (5. Nf3 Be7 6. Bc4 Nf6 7. Nc3 O-O 8. Bg5 Be6 9. Qd3 Nh5 10. Be3 Nc6
11. Bb3 Na5 12. Bd5 Rc8 13. Nd2 Bg5 14. O-O Bxe3 15. fxe3 Qb6 16. Na4 Qc7 17.
Rac1 Bxd5 18. exd5 Nc4 19. Nxc4 Qxc4 {
Degerman,L-Bator,R/Stockholm 1995/EXP 49/0-1 (53)}) (5. Bb5+ Bd7 (5... Nd7 6.
Nf5 a6 7. Ba4 (7. Bxd7+ Qxd7 8. Nc3 Qc6 9. Ne3 Nf6 10. Qd3 Be6 11. O-O Rc8 12.
a4 g6 13. Rd1 Be7 14. a5 O-O 15. Bd2 Nxe4 16. Ned5 Bd8 17. Qxe4 f5 18. Qd3 {
1-0 Leko,P-Varga,Z/HUN-ch 1993/TD 93\10}) 7... b5 8. Bb3 Nb6 9. Nc3 Be6 10. O-O
g6 11. Ng3 Bg7 12. f4 exf4 13. Bxf4 Nc4 14. Nd5 Nxb2 15. Qf3 Nc4 16. Bxc4 Bxa1
17. Rxa1 bxc4 18. Rd1 Bxd5 19. Rxd5 Ne7 20. Rxd6 Qa5 21. h3 O-O 22. Rf6 Qxa2
23. Be5 Rac8 24. Qe3 Nc6 25. Bc3 Qxc2 26. Nf5 Rfd8 27. Qh6 {
1-0 Hernandez,G-Diaz,J/Mexico City 1991/TD 91\09}) 6. Bxd7+ Qxd7 7. Nf5 Nf6 8.
Nc3 Nxe4 9. Nxg7+ Bxg7 10. Nxe4 d5 11. Ng3 Nc6 12. O-O O-O-O 13. c4 dxc4 14.
Qa4 f5 15. Bg5 Rde8 16. Rfd1 Qe6 17. Rac1 Rhf8 18. Rxc4 Kb8 19. Rdc1 Rc8 20.
Re1 Qg6 21. Bd2 Nd4 22. Rxc8+ Rxc8 23. Bc3 f4 24. Bxd4 exd4 25. Ne2 f3 26. Ng3
h5 27. h4 a6 28. Qd1 Rf8 29. gxf3 Rd8 30. Re4 d3 31. Qd2 Bxb2 32. Qxb2 d2 {
0-1 Masserey,Y-Alexandria,N/Biel Credis 1995/EXP 48}) 5... a6 6. N5a3 Nf6 7.
Nc3 Be6 $146 (7... b5 8. Bg5 Qc7 9. Bxf6 gxf6 10. Nd5 Qd8 11. c3 Nd7 12. Nc2
Nb6 13. Nxb6 Qxb6 14. Ne3 Be6 15. Qf3 Ke7 16. Qh5 Rc8 17. Be2 Qb7 18. Bf3 Kd7
19. O-O Be7 20. Nd5 Rcg8 21. Rfd1 Rg6 22. Nxe7 {
Andre,T-Luft,H/Biel opW 1991/TD 92\07/1/2-1/2 (51)}) 8. Bg5 Be7 (8... Nbd7 9.
Nc4 $11) 9. Bc4 (9. Nc4 O-O $14) 9... Qd7 $16 (9... Nbd7 10. Bxe6 fxe6 11. Nc4
$11) 10. Bxe6 Qxe6 11. Bxf6 Bxf6 (11... Qxf6 $2 12. Nd5 Qg6 13. Nc7+ Kd8 14.
Nxa8 Qxg2 15. Rf1 Qxe4+ 16. Qe2 $18) 12. Nd5 {The knight feels good on d5} Bd8
13. Nc4 Nd7 14. Qf3 b5 15. Nce3 Rc8 16. O-O-O $11 (16. a4 $5 $14) 16... O-O $14
(16... Bg5 17. Kb1 Bxe3 18. Qxe3 $11) 17. h4 Bb6 $16 (17... Rc5 18. Nf5 $14)
18. Nf5 Bd8 (18... Kh8 $5 $16) 19. g4 $11 (19. Qg4 $142 $5 g6 20. h5 $16) 19...
Nf6 20. Nfe3 Nxd5 21. Nxd5 {Here comes the goal-getter} Qd7 22. g5 {
White wins space} f5 (22... Qc6 23. Rd2 $11) 23. Qb3 $11 (23. gxf6 $5 {
looks like a viable alternative} Qc6 24. Qb3 $16) 23... Kh8 (23... fxe4 24.
Nf6+ Kh8 25. Nxd7 Rxf2 26. Rhf1 Rcxc2+ 27. Qxc2 Rxc2+ 28. Kxc2 Bf6 29. gxf6 b4
30. fxg7+ Kxg7 31. Rf6 b3+ 32. Kxb3 h5 33. Rg1+ Kh7 34. Nf8+ Kh8 35. Rh6#) 24.
f4 $17 {The game is finished by a kings attack} (24. f3 $142 $5 $15 {
might be a viable alternative}) 24... Rc6 $11 (24... exf4 $142 25. Qd3 fxe4 26.
Qxe4 f3 $17) 25. fxe5 fxe4 {White creates threats along the open f-file} 26.
Rdf1 (26. Rhf1 Re8 $14) 26... Be7 $16 (26... Re8 $142 $11 {
and Black is still in the game}) 27. Rxf8+ (27. Nxe7 $6 Qxe7 28. Rxf8+ Qxf8 $11
) 27... Bxf8 28. Rf1 {The mate threat is Rxf8} Qd8 $18 (28... Qe8 $142 $5 29.
e6 Rc8 $16) 29. e6 Be7 $4 {leading to a quick end} (29... Qe8 30. Qe3 Rc4 $18)
30. Nxe7 {Threatening mate: Nxc6} Qxe7 (30... Rc7 {no good, but what else?} 31.
Nd5 Rb7 $18) 31. Rf7 {Threatening mate... how?} Qe8 32. e7 (32. e7 h6 33. g6
Qxe7 34. Rxe7 Rc8 35. Qf7 Rg8 36. Re8 Rxe8 37. Qxe8#) 1-0

[Event "City of Adelaide"]
[Site "Adelaide"]
[Date "1998.08.12"]
[Round "4.8"]
[White "Stefan, Vladimir"]
[Black "Brown, Cyril D"]
[Result "1-0"]
[WhiteElo "1281"]
[BlackElo "1247"]
[Annotator "Fritz 5.00 - Anderson-Smith,W"]
[PlyCount "137"]
[EventDate "1998.07.22"]
[EventType "swiss"]
[EventRounds "9"]
[EventCountry "AUS"]

1. e4 c5 2. Nf3 e6 3. d4 cxd4 4. Nxd4 a6 5. Nc3 Qc7 6. Be2 {
Sicilian Defence, Paulsen Variation} Bc5 $146 (6... b5 7. Be3 Bb7 8. a3 (8. f3
Nf6 9. Nb3 Be7 10. O-O O-O 11. Qe1 d5 12. exd5 Nxd5 13. Nxd5 Bxd5 14. Bd3 Nd7
15. Rc1 Nc5 16. Nxc5 Bxc5 17. Bxc5 Qxc5+ 18. Qf2 Rfc8 19. a3 g6 20. Rfe1 Qxf2+
21. Kxf2 h5 22. h4 Kf8 23. Rcd1 Rc5 24. Rd2 Rac8 25. c3 Ke7 26. Bc2 R8c7 27.
Rd4 Bc4 28. Red1 Rd5 29. Be4 Rxd4 30. Rxd4 f5 31. Bc2 e5 32. Rd2 Rd7 33. Rxd7+
Kxd7 34. g4 Ke6 35. gxf5+ gxf5 36. f4 e4 37. Bd1 Kd6 38. Bxh5 Kc5 39. Bg6 Bd3
40. h5 Kc4 41. h6 {1-0 Sulliman,O-Moraza,M/Dubai olm 1986/TD 86\02}) 8... Nf6
9. Qd3 d6 10. O-O Nbd7 11. f3 Be7 12. Bf2 O-O 13. Qd2 Rfd8 14. Bg3 g6 15. Kh1
Nb6 16. Nb3 Nh5 17. Bf2 d5 18. Bxb6 Qxb6 19. exd5 Bxd5 20. Nxd5 Ng3+ 21. hxg3 {
Vranesic,Z-Ivkov,B/Amsterdam izt 1964/IZT/0-1 (40)}) (6... Bd6 7. Be3 Nf6 8. h3
Bb4 9. Qd3 Nxe4 10. O-O Nxc3 11. bxc3 Bxc3 12. Rad1 O-O 13. Nb3 Bb4 14. c4 d6
15. Bd4 e5 16. Bb2 Nc6 17. f4 Ne7 18. a3 Bc5+ 19. Nxc5 Qxc5+ 20. Kh2 Ng6 21.
Qxd6 {Kamsky,G-Polgar,J/Monaco rapid 1995/EXP 46/1/2-1/2 (35)}) (6... Be7 7.
O-O Nf6 8. Bg5 d6 9. f4 Nbd7 10. Kh1 b5 11. a3 Bb7 12. Bf3 Rc8 13. Qe1 O-O 14.
Qg3 Rfe8 15. Bh6 Bf8 16. Rad1 Kh8 17. Bg5 Ba8 18. Bxf6 Nxf6 19. e5 Bxf3 20.
Rxf3 Nh5 21. Qh4 {De Castro,E-Nurse,V/Dubai olm 1986/TD 86\02/1-0 (35)}) (6...
Nc6 7. O-O Nf6 8. Be3 Bb4 9. Na4 O-O 10. Nxc6 bxc6 11. Nb6 Rb8 12. Nxc8 Rfxc8
13. Bxa6 Rf8 (13... Rd8 14. Bd3 Bd6 15. f4 e5 16. f5 Rxb2 17. g4 h6 18. h4 h5
19. gxh5 Be7 20. h6 d5 21. Qe2 Kh7 22. hxg7 Kxg7 23. Qg2+ Kh8 24. Kh1 Rg8 25.
Bg5 Rb4 26. Rg1 Rg7 27. Qd2 Qd6 28. Bh6 Rg8 29. Rg2 Ng4 30. Bg5 f6 31. Rxg4
fxg5 32. Rag1 dxe4 33. hxg5 Kg7 34. f6+ Kg6 35. Rxe4 Qd5 36. Qg2 Kf7 37. g6+
Kxf6 {1-0 Xu Jun-Ye Jiangchuan/Beijing op 1991/EXP 22}) 14. Bd3 Bd6 15. g3 (15.
f4 e5 16. b3 exf4 17. Bd4 f3 18. e5 Bxe5 19. Bxe5 f2+ 20. Rxf2 Qxe5 21. Re2
Qc5+ 22. Kh1 Rfe8 23. a4 Rxe2 24. Qxe2 Re8 25. Qf3 h5 {
1/2-1/2 Wahls,M-Bischoff,K/BL 8586 1986/BL 80}) 15... Rxb2 (15... Be5 16. a4
Bxb2 17. Ra2 d5 18. exd5 Nxd5 19. Bd2 Rfd8 20. a5 Bc3 21. Ra4 Rb4 22. Ra3 Bxd2
23. Qxd2 Rdb8 24. a6 Qa7 25. Qe2 h6 26. Qe5 R4b6 27. c4 Nf6 28. c5 Rb2 29. Qd6
Nd5 30. Re1 Rc8 31. Ra4 Rbb8 32. Qe5 Nf6 33. Rf4 Rd8 34. Rd4 Rxd4 35. Qxd4 Nd5
36. Qe4 g6 37. Qe5 Nb4 38. Bf1 Rd8 39. Qf4 Nd5 40. Qxh6 Rb8 41. h4 Rb2 42. h5
Nf6 43. Rd1 Qe7 44. hxg6 Rxf2 45. g7 Rh2 46. Qxh2 {
1-0 Kamsky,G-Ehlvest,J/Linares 1991/CBM 22}) 16. Bd4 Rb4 17. Bxf6 gxf6 18. Qg4+
Kh8 19. Qh4 Be5 20. Rad1 c5 21. f4 Bd4+ 22. Kg2 Qc6 23. Kh3 c4 24. e5 {
1-0 Poluljahov,A-Tregubov,P/Rostov op 1993/TD 93\03}) 7. Nb3 {
White gets the initiative} Ba7 8. O-O Ne7 9. Be3 b5 $16 (9... Bxe3 $5 {
is noteworthy} 10. fxe3 O-O $11) 10. Bxa7 Qxa7 11. Qd6 Nbc6 {
Black is behind in development.} 12. Bxb5 $11 (12. a4 $142 $5 b4 13. Nb5 axb5
14. axb5 $14) 12... O-O $4 $18 {allows the opponent back into the game} (12...
axb5 $142 {and Black can hope to survive} 13. Nxb5 Qb8 14. Qxb8 Rxb8 15. Nd6+
Kf8 $15) 13. Bxc6 Nxc6 14. Qc5 (14. Rad1 e5 $16) 14... Qc7 (14... Qxc5 15. Nxc5
Rb8 16. Rab1 $16) 15. Nd5 (15. Rad1 f5 $16) 15... Qb7 16. Nb6 $14 (16. Ne3 Qc7
$16) 16... Rb8 $16 (16... d6 17. Qe3 Rb8 18. Nxc8 Rfxc8 19. Rad1 $14) 17. Nc4
Qb4 18. Qxb4 (18. Rfd1 f5 19. e5 f4 $16) 18... Nxb4 19. c3 Nc6 $18 (19... d5
$142 $5 20. exd5 exd5 $14) 20. Nd4 $4 $11 {
not a good decision, because now the opponent is right back in the game} (20.
Rfd1 $142 $18 {and White could have gained the advantage}) 20... Bb7 $16 (20...
Nxd4 $142 $5 {is an interesting idea} 21. cxd4 d5 22. exd5 exd5 $11) 21. Nd6
Ba8 (21... f5 22. f3 $16) 22. Nxc6 dxc6 23. b3 c5 24. e5 Rfd8 25. Rab1 Bc6 26.
a3 $14 (26. f4 Kf8 $16) 26... a5 $16 (26... f6 $5 27. f4 g5 $16) 27. Rfc1 Bd5
28. b4 axb4 29. cxb4 cxb4 30. axb4 {
The passed pawn on b4 quickly leads to threats} Rd7 31. b5 g5 32. Rc8+ Rxc8 33.
Nxc8 Rc7 $2 $18 (33... f6 $142 $5 $16) 34. Nd6 Ra7 35. b6 Ra8 36. Rc1 Kg7 (
36... Ra4 37. b7 Bxb7 38. Nxb7 $18) 37. b7 Rb8 38. Rc8 (38. Rc7 $142 $5 {
seems even better} Kg6 $18) 38... Rxb7 {Do you see the mate threat?} 39. Nxb7
Bxb7 40. Rc3 Bd5 41. Kf1 Kg6 42. Rc7 h6 43. f3 h5 44. Kf2 h4 45. g3 hxg3+ 46.
Kxg3 f5 (46... f6 47. exf6 Kxf6 48. Rc5 $18) 47. exf6 (47. h3 Bb3 $18) 47...
Kxf6 48. Kg4 e5 49. Rh7 (49. Rc5 Be6+ 50. Kh5 Kf5 $18) 49... Be6+ 50. Kh5 $14 (
50. Kg3 $142 $5 $18) 50... Bd5 51. Kg4 $11 (51. Rh8 $5 {must be considered}
Bxf3+ 52. Kh6 $14) 51... Be6+ 52. Kg3 Kg6 53. Rb7 Kf6 54. Rb8 Kg6 55. Re8 Kf7
56. Rh8 Kg6 57. Rb8 Kg7 58. Rb7+ $4 $11 {gives the opponent counterplay} (58.
h4 $142 {a pity that White didn't try this} gxh4+ 59. Kxh4 $18) 58... Kg6 $4
$18 {weakening the position} (58... Kf6 59. Ra7 Bd5 $18) 59. Rb6 Kf6 60. Kf2
Kf7 61. Ke3 Bf5 62. Kd2 Be6 (62... Bg6 63. Ra6 $18) 63. Kc3 $16 (63. Kd3 $142
$5 Bf5+ 64. Kc4 $18) 63... Kf6 $18 (63... Bd5 $142 $5 $16) 64. Kd3 Kf7 $2 (
64... Kf5 $142 $18) 65. Ke4 g4 (65... Kf6 $18 {desperation}) 66. Kxe5 (66. Rxe6
{and White can already relax} g3 67. Kf5 gxh2 $18) 66... Bc8 (66... Bc4 {
doesn't improve anything} 67. fxg4 Be2 68. Rb7+ Kg6 69. Kf4 $18) 67. Rc6 Bd7
68. Rc7 Ke8 (68... Kg6 69. Rxd7 gxf3 70. Rd6+ Kg5 71. Rf6 Kg4 72. Rf5 Kh4 73.
Rxf3 Kh5 74. Kf5 Kh6 75. Kf6 Kh7 76. Rh3+ Kg8 77. Rh6 Kf8 78. Rh8#) 69. Rxd7 (
69. Rxd7 Kxd7 70. fxg4 Ke7 71. h4 Kf7 72. h5 Kg7 73. Ke6 Kg8 74. Kf6 Kf8 75. h6
Kg8 76. g5 Kf8 77. h7 Ke8 78. Ke6 Kd8 79. Kd6 Kc8 80. h8=Q+ Kb7 81. Qg7+ Ka6
82. Qb2 Ka5 83. Kc5 Ka4 84. Qb4#) 1-0

[Event "City of Adelaide"]
[Site "Adelaide"]
[Date "1998.08.19"]
[Round "5.2"]
[White "Hunter, Daniel M"]
[Black "Sheldrick, Kevin"]
[Result "1-0"]
[WhiteElo "1663"]
[BlackElo "1801"]
[Annotator "Fritz 5.00 - Anderson-Smith,W"]
[PlyCount "43"]
[EventDate "1998.07.22"]
[EventType "swiss"]
[EventRounds "9"]
[EventCountry "AUS"]

1. e4 d6 2. f4 (2. d4 Nf6 3. Nc3 g6 4. f4 Bg7 5. Nf3 O-O 6. Bd3 Nc6 7. e5 dxe5
8. fxe5 (8. dxe5 Nd5 9. Bd2 Ncb4 10. Be4 c6 11. Ne2 Na6 12. Nfd4 f6 13. exf6
Nxf6 14. Bf3 e5 15. fxe5 Ng4 16. Bf4 Nxe5 17. Bxe5 Bxe5 18. Qd3 c5 19. Qb3+ Kh8
20. Ne6 Bxe6 21. Qxe6 Bxb2 22. Rb1 Qh4+ 23. g3 Qb4+ 24. c3 Bxc3+ 25. Kf2 Rae8
26. Qd5 Bd4+ 27. Kg2 Qd2 {
0-1 Marjanovic,S-Beliavsky,A/JUG-chT Cetinje 1992/EXT 92ch}) 8... Nd5 9. O-O (
9. Nxd5 Qxd5 10. c3 Be6 11. O-O Rad8 12. Bf4 Qd7 13. Qe1 Bf5 14. Bxf5 Qxf5 15.
Qg3 h6 16. Rae1 Qe6 17. a3 Na5 18. Bg5 Rd7 19. Qh4 h5 20. b4 Nc4 21. Bc1 Nb6
22. Ng5 Qc6 23. e6 fxe6 24. Rxf8+ Bxf8 25. Qf2 {
1-0 Ehlvest,J-Anand,V/Reggio Emilia 1988/CBM 11}) 9... Bg4 10. Nxd5 Qxd5 11. c3
Rad8 12. Qe1 Qd7 13. Qg3 Bxf3 14. Rxf3 f5 15. exf6 exf6 16. Bf4 Rc8 17. Re1 Ne7
18. Bc4+ Nd5 19. Bd6 Qxd6 20. Qxd6 cxd6 21. Bxd5+ Kh8 22. Bxb7 Rc7 23. Bd5 Bh6
24. g4 Bg5 25. Kg2 h5 26. gxh5 gxh5 27. Re6 Rb8 28. b3 Rd8 29. Rh3 h4 30. b4
Kg7 31. c4 Kf8 32. Ra3 Re8 33. Rxe8+ Kxe8 34. Ra6 Bf4 35. h3 Ke7 36. Kf3 Bd2
37. b5 f5 38. a4 Bc3 39. Ke3 f4+ {
1-0 Kotronias,V-Skembris,S/GRE-ch94 Glyfada 1995/EXP 47}) 2... Nf6 3. Nc3 g6 {
Pirc Defence} 4. Bc4 Bg7 5. Nf3 O-O 6. d3 e6 $146 {Prevents intrusion on d5} (
6... Nc6 7. a3 Bg4 8. h3 Bxf3 9. Qxf3 Nd4 10. Qf2 Nd7 11. O-O e6 12. Nb5 d5 13.
Nxd4 dxc4 14. dxc4 Nb6 15. e5 Nxc4 16. b3 Nb6 17. c4 Qe7 18. Be3 Rfd8 19. Rfd1
Rd7 20. Nb5 g5 21. Rxd7 {Radic,P-Gass,U/BL 8081 1981/BL 80/1-0 (45)}) (6... c6
7. O-O (7. Bb3 Na6 (7... a5 8. Bd2 Na6 {
1/2-1/2 Muellen,A-Treppner,G/Wittlich 1983/GER 05}) 8. Be3 Ng4 9. Bg1 e5 10. h3
Nf6 11. fxe5 dxe5 12. Be3 Qe7 13. Qd2 Nc5 14. O-O Be6 15. Bxe6 Nxe6 16. Nxe5
Nxe4 17. Nxc6 bxc6 18. Nxe4 f5 19. Nc3 Qb4 20. Nd1 Qd6 21. Kh1 f4 {
Khurtsilava,I-Danielian,E/EU-chJW U20 Litomysl 1994/TD 94\01/1-0 (41)}) 7... d5
8. Bb3 Bg4 9. h3 Bxf3 10. Qxf3 e6 11. Bd2 Nbd7 12. e5 Ne8 13. Ne2 Nc7 14. c3 f6
15. exf6 Qxf6 16. Rae1 Rae8 17. d4 Nb5 18. Kh1 Nd6 19. Bc2 Qd8 20. Bc1 a6 21.
Qe3 {Short,N-Gurevich,M/Paris Immopar  rapid 1991/EXP 26/1-0 (62)}) 7. O-O c5
8. f5 $15 {White gains space} (8. Bb3 $5 $11 {looks like a viable alternative})
8... exf5 9. Bg5 h6 10. Bh4 Nc6 11. Nd5 $17 {Menacing} (11. Qd2 Re8 $15) 11...
g5 12. Nxg5 $2 $19 (12. Bg3 $142 $5 $17) 12... hxg5 $17 (12... Nxd5 $142 {
would have made live much easier for Black} 13. Nf3 Nde7 $19) 13. Bxg5 Be6 14.
Qe1 $17 (14. exf5 Bxd5 15. Bxd5 Re8 $15) 14... Bxd5 (14... Nd4 15. Rc1 b5 16.
Qh4 Bxd5 17. Bxd5 $15) 15. Bxd5 {
White terminates the opponent with strong threats} Nd4 $15 (15... Qb6 16. Bxf6
Bxf6 17. Qg3+ Bg7 18. exf5 $18) 16. c3 $17 (16. Qh4 Qe7 17. c3 Ne6 18. Rxf5
Nxg5 19. Qxg5 Nxd5 20. Rxd5 Qxg5 21. Rxg5 Rae8 $17) 16... Ne6 $11 (16... Nc2
17. Qh4 Nxa1 18. Rxf5 Nxd5 19. Bxd8 Raxd8 20. Rxd5 f5 21. Rxf5 Nc2 $18) 17. Bh4
$15 (17. Bxf6 Qxf6 18. Rxf5 Qg6 $11) 17... Qd7 $11 (17... f4 $5 $15) 18. Bxf6
Bxf6 19. Qg3+ Ng7 $2 $18 (19... Kh7 $142 $11 {and Black can hope to survive})
20. Rxf5 Be5 21. Qg6 Rae8 (21... Kh8 {the only chance to get some counterplay}
22. Rxf7 Rxf7 23. Bxf7 Bf4 $18) 22. Rh5 (22. Rh5 Qf5 23. exf5 Bd4+ 24. cxd4
Re1+ 25. Rxe1 cxd4 26. Qh7#) 1-0

[Event "City of Adelaide"]
[Site "Adelaide"]
[Date "1998.08.19"]
[Round "5.3"]
[White "Errington, Luke"]
[Black "Nothdurft, John"]
[Result "0-1"]
[WhiteElo "1461"]
[BlackElo "1528"]
[Annotator "Fritz 5.00 - Anderson-Smith,W"]
[PlyCount "52"]
[EventDate "1998.07.22"]
[EventType "swiss"]
[EventRounds "9"]
[EventCountry "AUS"]

1. e4 g6 2. d4 Bg7 3. Nc3 d6 4. Be2 Nc6 5. Be3 e5 (5... Nf6 6. Nf3 O-O 7. O-O
e5 8. dxe5 dxe5 9. Bb5 Bd7 10. Qe2 Qe7 11. Bg5 Qe8 12. Rad1 a6 13. Bc4 Bg4 14.
Bxf6 Bxf6 15. Nd5 Bd8 16. c3 b5 17. Bb3 Na5 18. Ne3 Bxf3 19. Qxf3 Nxb3 20. axb3
{Berzinsh,R-Hoi,C/EU-chT Debrecen 1992/EU-chT/1-0 (70)}) 6. d5 (6. Nf3 Bg4 7.
dxe5 Bxf3 (7... dxe5 8. Qxd8+ Rxd8 9. Nd5 Rd7 10. c3 Nge7 11. Nxe7 Kxe7 12. h3
Bxf3 13. Bxf3 h5 14. Ke2 Bh6 15. Bc5+ Kd8 16. Rhd1 Bf8 17. Be3 Bh6 18. Bxh6
Rxh6 19. Ke3 Rh8 20. Be2 Rxd1 21. Rxd1+ Ke7 22. h4 Rd8 23. Rg1 Rh8 24. g3 Nb8
25. f4 Nd7 26. Rd1 Rd8 27. Bf1 Nf6 28. Rxd8 Kxd8 29. fxe5 Ng4+ 30. Kf4 Ke7 31.
Be2 Nh6 32. Kg5 Ng8 33. Bc4 a5 34. a4 c6 35. b4 b6 36. bxa5 bxa5 37. Bb3 {
1-0 Nisipeanu,L-Hornung,H/Bad Woerishofen op 1995/EXP 47}) 8. Bxf3 Nxe5 9. Be2
Nf6 10. f4 Ned7 11. Qd2 O-O 12. O-O-O Re8 13. Bf3 Nb6 14. Qd3 Qe7 15. g4 Rad8
16. Bxb6 axb6 17. g5 Nd7 18. Nd5 Qf8 19. Nxc7 Nc5 20. Qc4 Rc8 21. Nxe8 Qxe8 22.
Qb4 Qc6 23. c3 Ra8 24. Qc4 Ra4 25. Qd5 Qb5 26. Rd2 Qa6 27. Kb1 Qa7 28. Re1 Ne6
29. f5 Nf4 30. Qb3 Be5 31. Bd1 Ra5 32. Be2 Qb8 33. Bb5 Qc7 34. a4 Nh3 35. Rd3
Nxg5 36. h4 Qe7 37. hxg5 Qxg5 38. Rf3 Qg4 39. Qd1 g5 40. f6 Ra8 41. Rf5 {
1-0 Masternak,G-Szymczak,Z/POL-chT Lubniewice 1994/EXP 45}) 6... Nce7 7. Qd2
$146 (7. g4 Nf6 (7... f5 8. gxf5 gxf5 9. Bh5+ Ng6 10. Qd3 N8e7 11. O-O-O O-O
12. Nge2 a6 13. Bg5 b5 14. Ng3 Nf4 15. Qd2 b4 16. Nce2 Nh3 17. Nxf5 Bxf5 18.
exf5 Nxg5 19. Qxg5 Nxf5 {1/2-1/2 Gempe,T-Franz,K/OLO-A 1994/GER 08}) 8. h4 h5
9. f3 a6 10. a4 c5 11. dxc6 Nxc6 12. g5 Ng8 13. Nd5 Nd4 14. c3 Ne6 15. Bb6 Qd7
16. Ba5 Rb8 17. b4 Ne7 18. Nb6 Qc6 19. b5 Qc5 20. Nc4 d5 21. Bb6 dxc4 22. Bxc5
Nxc5 23. Bxc4 Be6 24. Bxe6 Nxe6 25. Ne2 O-O 26. Qc2 f5 27. Qb3 Kf7 28. O-O f4
29. Rad1 {1-0 Wehbrink,C-Schmitt,D/Giessen op 1991/GER 02}) 7... f5 {
The typical lever} 8. exf5 Bxf5 9. g4 Bd7 10. O-O-O Nf6 11. h3 h5 12. g5 Nh7
13. f4 exf4 14. Bxf4 {Black gets strong play along the open e-file.} Nf5 (14...
O-O 15. Ne4 $11) 15. Bd3 O-O 16. Nf3 (16. Nge2 a6 $11) 16... Re8 $14 (16...
Bxc3 17. Qxc3 Ne7 18. Qd2 $11) 17. Rhg1 Re7 18. Ne4 (18. Rde1 Rf7 $11) 18...
Qf8 19. Rdf1 Rae8 {Black gets the initiative} 20. Nxd6 $2 $19 (20. Nc3 $142 $11
{and White can hope to live}) 20... cxd6 (20... Nxd6 21. Bxd6 cxd6 22. Nh4 $15
(22. Bxg6 $143 Bxb2+ 23. Kb1 Bxh3 $15)) 21. Bxf5 (21. Qb4 a5 22. Qb6 Ra8 $19)
21... Qxf5 ({Weaker is} 21... gxf5 22. Bxd6 Re1+ 23. Rxe1 Rxe1+ 24. Rxe1 Qxd6
25. Rd1 $14) (21... Bxf5 $6 22. Bxd6 Bxh3 23. Rf2 $17) 22. Nh4 (22. Rf2 Bb5 23.
Nh4 Qe4 24. Bxd6 Qxh4 25. Bxe7 Rxe7 $19) 22... Qe4 23. Re1 (23. Rf3 $19) 23...
Qxe1+ 24. Rxe1 Rxe1+ 25. Qxe1 Rxe1+ 26. Kd2 Re4 (26... Re4 27. Nxg6 Kf7 $19)
0-1

[Event "City of Adelaide"]
[Site "Adelaide"]
[Date "1998.08.19"]
[Round "5.4"]
[White "Errington, James"]
[Black "Tanti, Joseph G"]
[Result "0-1"]
[WhiteElo "1323"]
[BlackElo "1750"]
[Annotator "Fritz 5.00 - Anderson-Smith,W"]
[PlyCount "70"]
[EventDate "1998.07.22"]
[EventType "swiss"]
[EventRounds "9"]
[EventCountry "AUS"]

1. b4 {Sokolski Opening} e5 2. Bb2 a5 $11 (2... e4 3. e3 Nf6 4. b5 d5 5. c4 c6
6. a4 Be7 7. d4 Qa5+ 8. Bc3 Bb4 9. Qd2 Bxc3 10. Qxc3 Qxc3+ 11. Nxc3 O-O 12. c5
Be6 13. Nge2 b6 14. Nf4 bxc5 15. dxc5 Rc8 16. Nxe6 fxe6 17. Rc1 Rf8 18. Be2
Nfd7 19. O-O Nxc5 20. Nxd5 exd5 21. Rxc5 cxb5 22. axb5 Rd8 23. Rxd5 Rxd5 24.
Bc4 {1-0 Bott,H-Grabowski/Badenweiler op 1985/GER 04}) (2... Nf6 3. Bxe5 Nc6 4.
Bb2 Bxb4 5. Nf3 O-O 6. a3 Be7 7. e3 Ne4 8. c4 Bf6 9. Qc2 d6 10. d3 Ng5 11. Nxg5
Bxb2 12. Qxb2 Qxg5 13. Nc3 a6 14. Nd5 b5 15. Be2 bxc4 16. dxc4 Rb8 17. Qc3 {
Miltner,A-Schmidt,S/BL2-S 1995/BL2/0-1 (43)}) (2... d6 3. b5 Bd7 (3... Nf6 4.
c4 Be6 5. e3 Be7 6. Be2 Nbd7 7. Qc2 O-O 8. Nf3 h6 9. O-O c6 10. a4 a6 11. Nc3
Qc7 12. Rfc1 Rfc8 13. bxa6 bxa6 14. Ba3 c5 15. e4 Nb6 16. d3 Nh5 17. Nxe5 Nf4
18. Nf3 Nxe2+ 19. Qxe2 Bg4 20. Rc2 Bf6 21. Bc1 Qd7 22. a5 Bxc3 23. Rxc3 Nxc4
24. dxc4 Qe6 25. Qd3 f5 26. Qd5 Re8 27. exf5 Bxf5 28. Qxe6+ Rxe6 29. Bf4 Rd8
30. Rd1 Bg4 31. Kf1 g5 32. Bg3 Kf8 33. h3 Bh5 34. Rb3 Ke7 35. Rb6 Bf7 36. Rxa6
Rg6 37. Ra7+ Rd7 38. Rxd7+ Kxd7 39. Ne5+ Ke6 40. Nxg6 Bxg6 41. Rxd6+ {
1-0 Samarian,N-Schwengel,G/RLPF-chW Speyer 1986/GER 05}) 4. a4 a6 5. e3 axb5 6.
axb5 Rxa1 7. Bxa1 Nf6 8. c4 c5 9. g3 Be6 10. Qa4 b6 11. d3 Be7 12. Bg2 O-O 13.
Ne2 Qc7 14. e4 Nbd7 15. O-O Qb7 16. Nbc3 Qa8 17. Qxa8 Rxa8 18. Bb2 Ra7 19. Ra1
Rxa1+ 20. Bxa1 Ne8 21. f4 h5 22. Bh3 g6 23. Kf2 Kf8 24. Bb2 Bd8 25. Ke3 Nef6
26. Nd5 {1/2-1/2 Niekisch,D-Scholze,M/DVMi U15 1995}) (2... Nc6 3. b5 Nd4 4. e3
Ne6 5. Bxe5 a6 6. a4 axb5 7. axb5 c6 8. Rxa8 cxb5 9. Bxb5 Nf6 10. Nf3 g5 11.
Bxf6 Qxf6 12. Rxc8+ Ke7 13. c4 Bh6 14. Nc3 Rxc8 15. Nd5+ Kf8 16. Nxf6 Ke7 17.
Nxd7 Kd6 18. Nfe5 Ke7 19. Qh5 f6 20. Qf7+ Kd6 21. Qxf6 Rc7 22. Nf7# {
1-0 Reimer,K-Lelle,N/RLPF-op Hauenstein 1991/GER 05}) (2... Bxb4 3. Bxe5 Nf6 4.
e3 $11) 3. Bxe5 axb4 4. e3 Nc6 5. Bb2 d5 6. Nf3 Nf6 7. c4 Be6 8. Ng5 d4 (8...
Bg4 9. Be2 Bxe2 10. Qxe2 $11) 9. Nxe6 fxe6 10. Be2 g6 {Controls h5} (10... Bc5
11. Qc2 $11) 11. Bf3 d3 (11... Bc5 12. Bxc6+ bxc6 13. Qf3 $14) 12. Bxc6+ bxc6
13. Qf3 Bg7 14. Qxc6+ Kf7 15. Be5 {The bishop feels good on e5} Ra7 16. Qc5 $4
$17 {gives the opponent new chances} (16. Bd4 $142 {
would allow White to play on} Qd7 17. Qf3 $11) 16... Qa8 17. O-O $4 $19 {
strolling merrily down the path to disaster} (17. Qd4 $142 Rd8 18. Qf4 Qxg2 19.
Rf1 $17) 17... Nd7 18. Qxb4 {Opening the b-file gets Black a lot of play} Bxe5
(18... Nxe5 $6 19. Nc3 $19) 19. Nc3 Rb8 20. Nb5 Bxa1 21. Rxa1 Rxa2 (21... c6 $5
{might be the shorter path} 22. Nd6+ Kg8 23. Qc3 Rxa2 24. Rf1 $19) 22. Rxa2
Qxa2 {Threatening mate: Qa1} 23. g3 c6 (23... Qc2 $142 {
makes sure everything is clear} 24. Kg2 $19) 24. Nd6+ (24. Qd6 {desperation}
cxb5 25. Qxd7+ Kf6 26. Qd4+ Ke7 27. Qc5+ Kd7 28. Qd4+ Kc6 29. Qe4+ Kb6 30.
Qxe6+ Ka5 31. Qd7 Qxd2 32. Qa7+ Kb4 33. Kg2 $19 (33. Qxb8 $4 Qe1+ 34. Kg2 d2 (
34... Kxc4 $6 {is impossible} 35. Qc7+ Kb3 36. Qd7 $15) 35. Qxb5+ Kc3 36. Qa5+
Kd3 $19 (36... Kxc4 $6 {is a bad alternative} 37. Qc7+ Kd5 38. Qd7+ Kc4 39.
Qd4+ Kb3 40. Qb6+ Kc2 41. Qc6+ Kd3 42. Qd5+ Kc3 43. Qc6+ Kd3 44. Qb5+ Kc3 45.
Qc6+ Kd3 $11))) 24... Kg8 25. Qc3 Qb2 (25... Qc2 26. Qd4 Rf8 27. Qg4 Qxd2 28.
Ne4 Qe1+ 29. Kg2 $19) 26. Qa5 (26. Qxd3 {does not improve anything} Nc5 27. Qd4
Qxd4 28. exd4 Nb3 $19) 26... Rf8 27. f4 Nf6 (27... Nb6 {
makes it even easier for Black} 28. Qc5 Qc1+ 29. Kg2 Qxd2+ 30. Kh3 $19) 28. h3
Qb8 (28... Qc1+ $142 {and Black can already relax} 29. Kg2 Qe1 30. g4 $19) 29.
Qe5 Qb1+ 30. Kg2 Qd1 31. Qxe6+ Kh8 32. Ne4 (32. Qe7 {
a last effort to resist the inevitable} Qxd2+ 33. Kh1 $19) 32... Nxe4 {
Do you see the mate threat?} 33. Qxe4 Qxd2+ 34. Kf1 Qc1+ 35. Kf2 Qb2+ (35...
Qb2+ 36. Kf1 Qa1+ 37. Kg2 d2 38. Qd3 d1=Q 39. Qxd1 Qxd1 40. Kf2 Re8 41. g4 Qd2+
42. Kg3 Rxe3+ 43. Kh4 Qd4 44. f5 Qf6+ 45. g5 Qd4#) 0-1